MARC details
| 000 -LEADER |
| campo de control de longitud fija |
01710nam a22003377a 4500 |
| 003 - IDENTIFICADOR DE NÚMERO DE CONTROL |
| campo de control |
OSt |
| 005 - FECHA Y HORA DE LA ÚLTIMA TRANSACCIÓN |
| campo de control |
20230421145942.0 |
| 008 - DATOS DE LONGITUD FIJA--INFORMACIÓN GENERAL |
| campo de control de longitud fija |
221006b |||||||| |||| 00| 0 eng d |
| 040 ## - FUENTE DE CATALOGACIÓN |
| Centro/agencia transcriptor |
Biblioteca Lado V |
| 082 ## - NÚMERO DE LA CLASIFICACIÓN DECIMAL DEWEY |
| Número de clasificación |
700 |
| Número de ítem |
Z39a |
| 100 ## - ENTRADA PRINCIPAL--NOMBRE DE PERSONA |
| 9 (RLIN) |
802 |
| Nombre de persona |
Zaya, Antonio |
| Término indicativo de función/relación |
editor |
| -- |
director |
| 245 ## - MENCIÓN DEL TÍTULO |
| Título |
Atalantica/ |
| Resto del título |
Internacional | Revista de las Artes/ |
| 260 ## - PUBLICACIÓN, DISTRIBUCIÓN, ETC. |
| Nombre del editor, distribuidor, etc. |
Centro Atlantico de Arte Moderno |
| Fecha de publicación, distribución, etc. |
1997 |
| Lugar de publicación, distribución, etc. |
España |
| 300 ## - DESCRIPCIÓN FÍSICA |
| Dimensiones |
24x30cm |
| Extensión |
198p. |
| 490 ## - MENCIÓN DE SERIE |
| Designación de volumen o secuencia |
1997 |
| Número Internacional Normalizado para Publicaciones Seriadas |
1132-8428 |
| Mención de serie |
17 |
| 505 ## - NOTA DE CONTENIDO CON FORMATO |
| Título |
Territorios |
| Nota de contenido con formato |
Estrategias de Diferencia y Diferenciación<br/><br/>Gabriele Basílico<br/><br/>Gabriel Orozco<br/><br/>Proyecto de marta maria Pérez<br/><br/>Trayectorias Abyectas<br/><br/>Moshekwa<br/><br/>Proyecto de Luz Maria Gordillo<br/><br/>Espacio Virtual en tiempo fílmico<br/><br/>Otra forma de ser |
| 505 ## - NOTA DE CONTENIDO CON FORMATO |
| Título |
Nexus |
| Nota de contenido con formato |
El paisaje Canario Reintentado<br/><br/>Juan López Salvador<br/><br/>Proyecto de Sorel Seele |
| 505 ## - NOTA DE CONTENIDO CON FORMATO |
| Título |
Revista |
| Nota de contenido con formato |
La espiritualidad del oriente<br/><br/>Proyecto de Pep Duran<br/><br/>Juan Usle<br/><br/>Proyecto de Manolo Quejido<br/><br/>Meditations<br/><br/>La reproducción de los símbolos |
| 505 ## - NOTA DE CONTENIDO CON FORMATO |
| Título |
Notas del editor |
| 650 ## - PUNTO DE ACCESO ADICIONAL DE MATERIA--TÉRMINO DE MATERIA |
| Fuente del encabezamiento o término |
Tesauro de Arte & Arquitectura |
| Término de materia o nombre geográfico como elemento de entrada |
ARTE |
| 9 (RLIN) |
703 |
| 650 ## - PUNTO DE ACCESO ADICIONAL DE MATERIA--TÉRMINO DE MATERIA |
| Fuente del encabezamiento o término |
Tesauro de Arte & Arquitectura |
| Término de materia o nombre geográfico como elemento de entrada |
EXPOSICIONES |
| 650 ## - PUNTO DE ACCESO ADICIONAL DE MATERIA--TÉRMINO DE MATERIA |
| Fuente del encabezamiento o término |
Tesauro de Arte & Arquitectura |
| Término de materia o nombre geográfico como elemento de entrada |
CULTURA |
| 650 ## - PUNTO DE ACCESO ADICIONAL DE MATERIA--TÉRMINO DE MATERIA |
| Fuente del encabezamiento o término |
Tesauro de Arte & Arquitectura |
| Término de materia o nombre geográfico como elemento de entrada |
APRECIACION |
| 650 ## - PUNTO DE ACCESO ADICIONAL DE MATERIA--TÉRMINO DE MATERIA |
| Fuente del encabezamiento o término |
Tesauro de Arte & Arquitectura |
| Término de materia o nombre geográfico como elemento de entrada |
TEORIA |
| 650 ## - PUNTO DE ACCESO ADICIONAL DE MATERIA--TÉRMINO DE MATERIA |
| Fuente del encabezamiento o término |
Tesauro de Arte & Arquitectura |
| Término de materia o nombre geográfico como elemento de entrada |
CRITICA |
| 650 ## - PUNTO DE ACCESO ADICIONAL DE MATERIA--TÉRMINO DE MATERIA |
| Fuente del encabezamiento o término |
Tesauro de Arte & Arquitectura |
| Término de materia o nombre geográfico como elemento de entrada |
FOTOGRAFIA |
| 9 (RLIN) |
702 |
| 650 ## - PUNTO DE ACCESO ADICIONAL DE MATERIA--TÉRMINO DE MATERIA |
| Fuente del encabezamiento o término |
Tesauro de Arte & Arquitectura |
| Término de materia o nombre geográfico como elemento de entrada |
LITERATURA |
| 650 ## - PUNTO DE ACCESO ADICIONAL DE MATERIA--TÉRMINO DE MATERIA |
| Fuente del encabezamiento o término |
Tesauro de Arte & Arquitectura |
| Término de materia o nombre geográfico como elemento de entrada |
ARTE INTERNACIONAL |
| 650 ## - PUNTO DE ACCESO ADICIONAL DE MATERIA--TÉRMINO DE MATERIA |
| Fuente del encabezamiento o término |
Tesauro de Arte & Arquitectura |
| Término de materia o nombre geográfico como elemento de entrada |
ESPAÑA |
| 942 ## - ELEMENTOS DE ENTRADA SECUNDARIOS (KOHA) |
| Fuente del sistema de clasificación o colocación |
Clasificación Decimal Dewey |
| Tipo de ítem Koha |
Libros |
| Parte de la signatura que corresponde a la clasificación (Parte de la clasificación) |
700 |
| Parte de la signatura que identifica el ejemplar (Parte del ítem) |
Z39a |
| Suprimir en OPAC |
No |